Powiaty województwa warmińsko-mazurskiego – Quiz na mapie - Statystyki

Ogólne statystyki
  • Ten quiz został rozwiązany 2 213 razy
  • Średni wynik to 12 z 21
Odpowiedzi na mapie
Odpowiedzi zakodowano w zielono-czerwonej skali na mapie do tego quizu, zgodnie z poniższymi procentami.
 
Statystyki odpowiedzi
Odpowiedź % Poprawnych
olsztyński
92%
Olsztyn
91%
elbląski
86%
Elbląg
85%
ełcki
61%
gołdapski
57%
bartoszycki
55%
iławski
55%
braniewski
54%
giżycki
52%
ostródzki
51%
lidzbarski
49%
piski
49%
szczycieński
49%
mrągowski
48%
kętrzyński
46%
nowomiejski
46%
nidzicki
45%
działdowski
44%
węgorzewski
44%
olecki
43%
Nie znaleziono quizów pasujących do podanych kryteriów
Rozkład punktacji
Procent ludzi z każdym wynikiem
Percentyl według liczby udzielonych odpowiedzi
Twoja historia wyników
Nie rozwiązałeś tego quizu